000 00517nam a2200157Ia 4500
008 210210b1998 xxu||||| |||| 00| 0 eng d
020 _a81 86190 57 0
082 _a375.6137072 SHAF
100 _aSHAW (Dhananjoy).
245 _aFundamental statistics in physical education & sports sciences.
260 _aND
_bSports publications
_c1998
300 _a218
650 _aStatistics in physical education Physical education statistics Sports sciences statistic
690 _aPhysical Educatio
906 _aSG0379
999 _c114436
_d114436